00906nam a2200265 a 45000010005000000030008000050050017000130080041000300200025000710200022000960350018001180400029001360410008001650820026001731000022001992450092002212600032003133000035003455000022003805000122004025040030005246500023005546500019005777400044005966426BD-RjUL20211208234236.0110114s1983 enka b 00110 eng d a0333312511 (cloth) : a0333312538 (pbk.) a(BD-RjUL)6466 aUPBcUPBd(BD-RjUL)beng aeng 223a382.095bGRI 198310aGreenaway, David.10aInternational trade policy :bfrom tariffs to the new protectionism /cDavid Greenaway. aLondon :bMacmillan,c1983. axiii, 240 p. :bill. ;c24 cm. aIncludes indexes. a"Published in the USA 1983 by St. Martin's Press, New York under the title 'Trade policy and the new protectionism'." aBibliography: p. 227-235. 0aCommercial policy. 0aProtectionism.0 aTrade policy and the new protectionism.